にっぽんの温泉100選(1位~50位) - Statistics

General Stats
  • This quiz has been taken 2,575 times
  • The average score is 21 of 50
Answer Stats
順位 都道府県 Answer % Correct
1 群馬 草津
98%
3 大分 別府
97%
2 岐阜 下呂
94%
5 神奈川 箱根
91%
4 愛媛 道後
90%
7 兵庫 有馬
82%
6 北海道 登別
72%
9 大分 湯布院
72%
11 兵庫 城崎
70%
8 鹿児島 指宿
67%
20 静岡 熱海
65%
17 栃木 鬼怒川
59%
10 石川 和倉
58%
15 群馬 伊香保
58%
13 山形 銀山
56%
40 福井 あわら
52%
25 佐賀 嬉野
49%
33 和歌山 白浜
48%
23 鹿児島 霧島
45%
14 秋田 乳頭
41%
21 宮城 鳴子
39%
47 富山 宇奈月
39%
26 岐阜 高山
38%
12 熊本 黒川
37%
30 山形 蔵王
37%
16 島根 玉造
36%
35 宮城 秋保
32%
48 北海道 洞爺湖
31%
39 北海道 定山渓
30%
42 青森 酸ヶ湯
30%
44 群馬 四万
30%
37 静岡 修善寺
29%
29 石川 山中
26%
45 長野 湯田中
26%
38 長崎 雲仙
25%
27 群馬 万座
24%
24 北海道 湯の川
23%
18 岐阜 奥飛騨
22%
34 岩手 花巻
21%
41 鳥取 三朝
21%
50 栃木 塩原
21%
32 石川 山代
19%
31 長野 白骨
16%
43 北海道 層雲峡
15%
19 新潟 月岡
14%
22 北海道 十勝川
14%
49 静岡 稲取
10%
36 長野 昼神
9%
28 岐阜 長良川
8%
46 静岡 観音
3%
No matching quizzes found
Score Distribution
Percent of People with Each Score
Percentile by Number Answered
Your Score History
You have not taken this quiz